Missing Word: Bruce Springsteen Songs (A-Z) Quiz Stats

 Plays Quiz Updated Oct 27, 2016

Challenge
Share
Tweet
Embed
Score 0/23 Timer 02:00
0 Plays Today
Song Word % Correct
___ York City SerenadeNew
96.6%
Tunnel of ____Love
96.2%
__ HometownMy
95.2%
Born in the ___USA
92.3%
Darkness on the ____ of TownEdge
90.3%
_____ DaysGlory
86.9%
For ___You
85.5%
Hungry _____Heart
82.1%
Girls in Their Summer ______Clothes
82%
Streets of ____________Philadelphia
81.2%
_______ RoadThunder
75.6%
_____ of the SupermarketQueen
73.9%
Song Word % Correct
Better ____Days
73.2%
________ CityAtlantic
71%
______ GardenSecret
67.4%
Meeting Across the _____River
66.3%
_________ DisguiseBrilliant
65.9%
Bobby ____Jean
63.2%
Murder __________Incorporated
62.5%
Long ____ HomeWalk
59.5%
____ All NightOpen
57.3%
My _______ HouseFather's
44%
_______ of DaysKingdom
21.8%

Today's Daily Dose

You're not logged in!

Compare scores with friends on all Sporcle quizzes.
OR
Log In

You Might Also Like...

Show Comments

Extras

Top Quizzes Today


Score Distribution

Your Account Isn't Verified!

In order to create a playlist on Sporcle, you need to verify the email address you used during registration. Go to your Sporcle Settings to finish the process.

Report this User

Report this user for behavior that violates our Community Guidelines.

Details: